Colleges in their communities : a dynamic nucleus /

Bibliographic Details
Main Author: Sharp, Margaret
Format: Book
Language:English
Published: Leiceister, England : National Institute of Adult Continuing Education, [2012]
Subjects:

MARC

Tag First Indicator Second Indicator Subfields
LEADER 00000cam a2200000Ia 4500
001 in00002782888
005 20150922150411.0
008 120310s2012 enk 000 0 eng d
020 |a 9781862016040 
020 |a 1862016046 
035 |a (OCoLC)ocn779873441 
040 |a BTCTA  |c BTCTA  |d YDX  |d CDX  |d BWK  |d YNK  |d IUL  |d BWX  |d UtOrBLW 
049 |a TXAM 
050 4 |a LC5256.G7  |b S53 2012 
082 0 |a 374.941 
100 1 |a Sharp, Margaret. 
245 1 0 |a Colleges in their communities :  |b a dynamic nucleus /  |c Margaret Sharp. 
264 1 |a Leiceister, England :  |b National Institute of Adult Continuing Education,  |c [2012] 
264 4 |c ©2012 
300 |a vi, 210 pages :  |b illustrations ;  |c 24 cm. 
336 |a text  |b txt  |2 rdacontent 
337 |a unmediated  |b n  |2 rdamedia 
338 |a volume  |b nc  |2 rdacarrier 
504 |a Includes bibliographical references (pages [195]-210). 
650 0 |a Continuing education  |z Great Britain. 
945 |a PromptCat  |b 108317 
946 |a stk 
947 |a A14836013842 
948 |a cataloged  |b h  |c 2012/12/5  |d c  |e dmitchel  |f 10:44:18 am 
994 |a 92  |b TXA 
999 |a MARS 
999 f f |s ae383b66-2062-3785-8597-5cec27d8aada  |i 152412b3-f2f4-30e2-9599-9c77a46aef8b  |t 0 
952 f f |p normal  |a Texas A&M University  |b College Station  |c Sterling C. Evans Library  |d Evans: Library Stacks  |t 0  |e LC5256.G7 S53 2012  |h Library of Congress classification  |i unmediated -- volume  |m A14836013842 
998 f f |a LC5256.G7 S53 2012  |t 0  |l Evans: Library Stacks